000 00601nam a2200229Ia 4500
003 OSt
005 20220928134916.0
006 a|||||r|||| 00| 0
007 ta
008 220927b |||||||| |||| 00| 0 eng d
024 _a217
037 _cTextual
040 _aSDCL
_cSDCL
_beng
041 _2eng
_aeng
082 _aVjN06, L6
100 _aSked Alan Ed.
_9489077
245 0 _aCrisis and controversy
_bEssays in honour of A.J P Taylor
260 _c1976
700 _a Cook Chris
942 _hVjN06, L6
_cTEXL
_2CC
999 _c804279
_d804279